| 000 | 00449nam a22001457a 4500 | ||
|---|---|---|---|
| 999 |
_c112519 _d112519 |
||
| 005 | 20190516094002.0 | ||
| 008 | 190516b ||||| |||| 00| 0 eng d | ||
| 020 | _a9781137596192 | ||
| 040 | _cPK-LaUMT | ||
| 082 |
_a320.959 _bCON- |
||
| 245 |
_aContemporary Southeast Asia : _bthe politics of change, contestation, and adaptation / _cedited by Alice D. Ba and Mark Beeson |
||
| 260 |
_aLondon : _bPalgrave, _c2018 |
||
| 300 | _a347 p. | ||
| 942 | _cBK | ||